[Event "Moehnesee Cup-B"]
[Site "Moehnesee"]
[Date "2005.08.21"]
[Round "7"]
[White "Spisla, Dominik"]
[Black "Franic, Nikola"]
[Result "0-1"]
[WhiteElo "1257"]
[BlackElo "1373"]
[PlyCount "84"]
[EventDate "2005.08.18"]
[EventType "swiss"]
[EventRounds "7"]
[EventCountry "GER"]
[SourceTitle "CBM 108 Extra"]
[Source "ChessBase"]
[SourceDate "2005.11.04"]
[SourceVersion "1"]
[SourceVersionDate "2005.11.04"]
[SourceQuality "1"]

1. d4 d5 2. c4 dxc4 3. e3 Nf6 4. Bxc4 Bf5 5. Qb3 e6 6. Qxb7 Be4 7. Qb5+ c6 8. Qb7 c5 9. Bb5+ Nbd7 10. Bxd7+ Qxd7 11. Qxd7+ Nxd7 12. f3 Bxb1 13. Rxb1 cxd4 14. exd4 Bb4+ 15. Bd2 Bxd2+ 16. Kxd2 0-0 17. Ne2 Rfd8 18. Ke3 Rac8 19. Rhc1 Nb6 20. Nc3 Nc4+ 21. Kd3 e5 22. Ne2 Nd6 23. Rxc8 Nxc8 24. Rc1 exd4 25. Nxd4 Ne7 26. g4 h5 27. h3 hxg4 28. hxg4 Nd5 29. a3 Nf4+ 30. Ke4 Rxd4+ 31. Ke3 Ne6 32. Rc2 Rd7 33. Rc4 Re7 34. Kd3 Ng5 35. f4 Nh3 36. b3 Nf2+ 37. Kd4 Nxg4 38. a4 Nf6 39. Kd3 Rb7 40. Kc3 Nd5+ 41. Kb2 g6 42. Ka3 Kg7 0-1